000 00899nas a2200301 4500
001 BR0301997
003 BR-BrBNA
005 20231205103721.0
007 ta
008 230509b bl.|||p| |||| 00| 00por d
040 _aBR-BrBNA
_bpor
_cBiblioteca Nacional de Agricultura
041 _a(Pt)
072 _aL70
100 1 _aNunes, N.
100 1 _aSantos, P.S.P. dos
100 1 _aVicenti, F.A.M.
100 1 _aRezende, M.L. de
100 1 _aMartins, S.E.C.
245 1 _aEfeitos da associação de fentanil e droperidol na concentração alveolar mínima do desflurano, em cães
650 _aCÃO
650 _aALVÉOLO
650 _aANESTÉSICO
650 _aVETERINÁRIA
650 _aMÉTODO ESTATÍSTICO
773 0 _tArs Veterinária (Brazil)
_xISSN 0102-6380
_g(Aug 2001), v. 17(2) p. 86-92
_wBR0301997
909 _a202311
_bLúcia
_c55
_dLúcia Elande
942 _2AGRIS
_n0
_cANA
999 _c174362
_d174362